| 000 | 00941nam a2200193 u 4500 | ||
|---|---|---|---|
| 001 | 000330442 | ||
| 003 | AM-YeHGA | ||
| 005 | 20250617130745.0 | ||
| 008 | 040430s1988 ||||||||||||||||||| rus d | ||
| 040 | _aAM-YeHGA | ||
| 041 | 0 | _arus | |
| 245 | 0 | 0 |
_aПолитэкономические проблемы ускорения социально-экономического развития СССР / _cМ-во просвещ. РСФСР, Моск. гос. пед. ин-т им. В.И. Ленина ; Редкол.: Я.Ш.Котликов (отв. ред.) и др. |
| 260 |
_aМосква : _bИзд-во МГПИ, _c1988. |
||
| 300 | _a138 с. | ||
| 650 | 1 | 4 | _aЭкономические науки. Экономика |
| 700 | 1 |
_aКотликов, Я.Ш. _eотв. ред. _4edt |
|
| 710 | 0 | _aМосковский государственный педагогический институт им. В.И. Ленина | |
| 090 | _c125035 | ||
| 999 |
_c123680 _d123680 |
||